Statistics for The Life of Charlie Puth

Click here to take the quiz!

General Stats

  • This quiz has been taken 9 times
  • The average score is 9 of 16

Answer Stats

HintAnswer% Correct
From the age of 4, he learnt to play ______Piano
86%
Song featuring Selena GomezWe don't talk anymore
86%
The lead single of his second studio albumAttention
71%
Song featuring Wiz KhalifaSee you again
71%
Social media making him famousYoutube
71%
Cause of scar on the right eyebrowDog-bite
57%
His favorite colorGreen
57%
Debut studio albumNine Track Mind
57%
His middle nameOtto
57%
His brother's nameStephen
57%
Second studio albumVoicenotes
57%
Eye colorHazel
43%
State where he was bornNew Jersey
43%
His Music video featuring his brotherOne call away
43%
Zodiac SignSagittarius
43%
The lead single of his third studio albumI warned myself
29%

Score Distribution

Percentile by Number Answered

Percent of People with Each Score

Your Score History

You have not taken this quiz